Cohesion policy and European integration : building multi-level governance (Record no. 132291)

MARC details
000 -LEADER
fixed length control field 00726nam a2200217Ia 4500
008 - FIXED-LENGTH DATA ELEMENTS--GENERAL INFORMATION
fixed length control field 191130s1996##################000#0#eng##
020 ## - INTERNATIONAL STANDARD BOOK NUMBER
ISBN 9780198280644
082 ## - DEWEY DECIMAL CLASSIFICATION NUMBER
Classification number 337.14 HOO
245 ## - TITLE STATEMENT
Title Cohesion policy and European integration : building multi-level governance
Statement of responsibility, etc edited by Liesbet Hooghe
260 ## - PUBLICATION, DISTRIBUTION, ETC. (IMPRINT)
Place of publication Oxford
Name of publisher Oxford University Press
Year of publication 1996
300 ## - PHYSICAL DESCRIPTION
Number of Pages xiv, 458 p. : ill., map ; 23 cm
500 ## - GENERAL NOTE
General note Includes bibliographical references (p. [423]-452) and index
650 ## - SUBJECT ADDED ENTRY--TOPICAL TERM
Topical Term European Union
Topical Term Regionalism - European Union countries
700 ## - ADDED ENTRY--PERSONAL NAME
Personal name Hooghe, Liesbet
991 ## -
-- 417876
Holdings
Withdrawn status Lost status Damaged status Not for loan Home library Current library Shelving location Date acquired Full call number Accession Number Price effective from Koha item type
        Anna Centenary Library Anna Centenary Library 4TH FLOOR, A WING 12.10.2020 337.14 HOO 290446 12.10.2020 English Books

Find us on the map